00000000nam##2200000za#4500
0019.604026
003CaOODSP
00520260128153020
007cr |||||||||||
008150406|1996||||xxc|||||o    f|0| 0 fre|d
022 |a1488-545X
040 |aCaOODSP|bfre
043 |an-cn---
0861 |aFs97-6/2127F-PDF
1102 |aInstitut Maurice-Lamontagne.
24510|aHypothèses reliées aux effets environnementaux du projet Grande Baleine sur l'écosystème marin côtier du sud-est de la baie d'Hudson / |h[ressource électronique]|c[par] M. Gilbert ... [et al.].
260 |aMont-Joli - Québec : |bPêches et Océans Canada. |cc1996.
300 |a81p.|bcartes, tableaux
4901 |aRapport technique canadien des sciences halieutiques et aquatiques|x1488-545X|vN° 2127
500 |aLe n° de catalogue (Fs97-6/2127) et l'ISSN (0706-6570) copiés dans cette édition électronique sont incorrects.
504 |aBibliographie.
546 |a(Abstract in English)
590 |a12-23-Supp|b2012-05-28
7201 |aGilbert, M.
7760#|tHypothèse reliées aux effets environnementaux du projet Grande Baleine sur l'écosystème marin côtier du sud-est de la baie d'Hudson / |w(CaOODSP)9.624246
830#0|aRapport technique canadien des sciences halieutiques et aquatiques,|x1488-545X|vN° 2127|w(CaOODSP)9.500867
85640|ahttp://publications.gc.ca|qPDF|s4.88 Mo|uhttps://publications.gc.ca/collections/collection_2012/mpo-dfo/Fs97-6-2127-fra.pdf|yN° 2127